书目信息 |
| 题名: |
人民大会堂见闻录
|
|
| 作者: | 金圣基 编著 | |
| 分册: | 中 | |
| 出版信息: | 北京 中共党史出版社 1998.06 |
|
| 页数: | 457-881页 | |
| 开本: | 21cm | |
| 丛书名: | ||
| 单 册: | ||
| 中图分类: | K270.6 | |
| 科图分类: | ||
| 主题词: | 中国--现代史--1949~ | |
| 电子资源: | ||
| ISBN: | 7-80136-224-1 | |
| 000 | 00573nam0 2200193 45 | |
| 001 | 0412011102 | |
| 005 | 20050419162549.6 | |
| 010 | @a7-80136-224-1@dCNY66.00 | |
| 100 | @a20041201d1998 km y0chiy0120 ea | |
| 101 | 0 | @achi |
| 105 | @a z 000yy | |
| 200 | 1 | @a人民大会堂见闻录@ARen Min Da Hui Tang Jian Wen Lu@h中@f金圣基编著@FJinSheng Ji Bian Zhu |
| 210 | @a北京@c中共党史出版社@d1998.06 | |
| 215 | @a457-881页@d21cm | |
| 606 | 0 | @a中国@x现代史@z1949~ |
| 690 | @aK270.6@v3 | |
| 701 | 0 | @a金圣基@4编著 |
| 801 | @aCN@bPftUser@c20041201 | |
| 905 | @dK270.6@e25:2@b283888@f1 | |
| 人民大会堂见闻录.中/金圣基编著.-北京:中共党史出版社,1998.06 |
| 457-881页;21cm |
| ISBN 7-80136-224-1:CNY66.00 |
| ● |
| 相关链接 |
|
|
|
|
正题名:人民大会堂见闻录
索取号:K270.6/25:2
 
预约/预借
| 序号 | 登录号 | 条形码 | 馆藏地/架位号 | 状态 | 备注 |
| 1 | 0283888 | 002838889 | 第二借阅区/ [索取号:K270.6/25:2] | 在馆 | |
| 2 | 0283889 | 002838898 | 第二借阅区/ [索取号:K270.6/25:2] | 在馆 | |
| 3 | 0283890 | 002838905 | 第二样本阅览室/ [索取号:K270.6/25:2] | 在馆 |